Harry Potter Chapter Titles - Sudden Death - Statistics

General Stats
  • This quiz has been taken 400 times
  • The average score is 7 of 15
Answers on the Grid
Answers color-coded by a green-red scale on the quiz's grid according to % correct below.
The Parting of the Ways
The Weasley Family Secrets
Priori Incantem
At the Sign of the Hog's Head
Into the Chamber
Dobby's Reward
Shell Cottage
Accio Firebolt
Sons of Durmstrang
The Boy Who Lived
Cho and Harry
The Cursed Child
Moony, Wormtail, Padfoot and Prongs
Sectumsempra
Snape's Worst Memory
The Locket of R.A.B.
The Man with Two Faces
Nimbus 2000
Number Twelve, Grimmauld Place
Viktor Krum
Bagman and Crouch
Attack of the Slugs
For Always
The Life and Lies of Albus Dumbledore
King's Cross
The Heir of Slytherin
Moaning Myrtle
The Three Sisters Black
Tales of Beetle the Bard
Dudley Demented
 
Answer Stats
Answer % Correct
Priori Incantem
58%
The Boy Who Lived
58%
The Parting of the Ways
56%
Shell Cottage
50%
Dobby's Reward
46%
Snape's Worst Memory
45%
Moony, Wormtail, Padfoot and Prongs
43%
The Man with Two Faces
43%
Number Twelve, Grimmauld Place
42%
The Heir of Slytherin
41%
King's Cross
40%
Bagman and Crouch
36%
Sectumsempra
35%
The Life and Lies of Albus Dumbledore
35%
Dudley Demented
34%
No matching quizzes found
Score Distribution
Percent of People with Each Score
Percentile by Number Answered
Your Score History
You have not taken this quiz